| 000 | 00860cem a2200301 4500 | ||
|---|---|---|---|
| 005 | 20260322212052.0 | ||
| 007 | data | ||
| 008 | data | ||
| 010 | _a 85675723 | ||
| 020 |
_a0843712465 : _c{dollar}24.95 |
||
| 020 |
_a9780843712469 : _c{dollar}24.95 |
||
| 034 | 0 | _aa | |
| 040 |
_aDLC _cDLC _dDLC |
||
| 050 | 0 | 0 |
_aG1021 _b.H2727 1986 |
| 051 |
_aG1021 _b.H2727 1986 Copy 2 _cGift, Hammond, 2003 |
||
| 082 | 0 | 0 |
_a912 _219 |
| 092 | _a912 H2727 1986 | ||
| 110 | 2 | _aHammond Incorporated. | |
| 245 | 1 | 0 |
_aHammond large type world atlas. _cHammond Incorporated. |
| 255 | _aScales differ. | ||
| 260 |
_aMaplewood, N.J. : _bHammond Incorporated, _cc1986. |
||
| 300 |
_a1 atlas (144 p.) : _bcol. maps ; _c32 cm. |
||
| 500 | _aIncludes index and gazetteer. | ||
| 650 | 0 | _aAtlases. | |
| 650 | 0 | _aLarge type books. | |
| 740 | 0 | _aLarge type world atlas. | |
| 001 | data | ||
| 999 |
_c1247 _d1247 |
||